000 00495nam a2200181Ia 4500
005 20250508160457.0
008 008 250505s9999 xx 000 0 eng d
037 _aTextual
040 _aFEDL
_beng
_cFEDL
041 _aeng
_2eng
084 _a600, SCH
_qFEDL
100 _aSchon Donald A
_942242
245 0 _aTechnology and change : The new heraclitus
260 _aOxford
_bPergamon Press
_c1967
300 _a248p.
942 _cTEXL
_h600, SCH
999 _c1364853
_d1364853